000 00838nam a2200217Ia 4500
999 _c40287
_d40287
001 6895
003 GE_BSU
005 20200130105406.0
008 181216s1959||||ge |||||||||||||| ||geo||
040 _cGE_BSU
041 _ageo
080 _a821.353.1-1 გ-69
100 _aგორგანელი, ვახტანგ.
_96511
245 _aმთელი გულით :
_bლექსები /
_cვახტანგ გორგანელი ; რედ. ბ. მირცხულავა.
264 _aთბილისი :
_bსაბჭ.საქართველო,
_c1959.
300 _a105 გვ.;
_c16 სმ.
653 _aმთელი გულით
653 _aლექსები
700 _aმირცხულავა, ბ.
_eრედაქტორი
_96512
942 _cBK
_2udc